How to make Money in Stock Market (Record no. 2832)
[ view plain ]
| 000 -LEADER | |
|---|---|
| fixed length control field | 00292nam a22001217a 4500 |
| 020 ## - ISBN | |
| International Standard Book Number | 9966706925 |
| 050 ## - LIBRARY OF CONGRESS CALL NUMBER | |
| Classification Number | HG4621 |
| Item Number | .K58 2006 |
| 100 ## - MAIN ENTRY--Author | |
| Personal name | Kiunga Murori |
| 245 ## - TITLE | |
| Title | How to make Money in Stock Market |
| 260 ## - PUBLICATION, DISTRIBUTION, ETC.(IMPRINT) | |
| Place of publication, distribution, etc | Nairobi |
| Name of publisher, distributor, etc | Queenex Media Services |
| Date of publication, distribution, etc | 2006 |
| 300 ## - PHYSICAL DESCRIPTION | |
| Extent | ii,86p. |
| 942 ## - ADDED ENTRY ELEMENTS(KOHA) | |
| Koha item type | General circulation |
| Source of classification or shelving scheme | Not for loan | Location (home branch) | Sublocation (holding branch) | Date accessioned | Cost, normal purchase price | Full call number | Barcode | Copy number | Cost, replacement price | Koha item type | Public note |
|---|---|---|---|---|---|---|---|---|---|---|---|
| Library of Congress Classification | Main Campus Library | Main Campus Library | 03/09/2014 | 600.00 | HG4621 .K58 2006 | 3003 | C1 | 1100.00 | General circulation | kim | |
| Library of Congress Classification | Main Campus Library | Main Campus Library | 03/09/2014 | 600.00 | HG4621 .K58 2006 | 3004 | C2 | 1100.00 | General circulation | kim | |
| Library of Congress Classification | Main Campus Library | Main Campus Library | 03/09/2014 | 600.00 | HG4621 .K58 2006 | 3905 | C3 | 1100.00 | General circulation | kim |